000 00507nam a22001937a 4500
003 OSt
005 20140310182347.0
008 130313t xxu||||| |||| 00| 0 eng d
050 _aQB 46
_b.F77 1968
082 _aGS 523
_b F87 1968
245 _aFun with astronomy
_cFreeman, Mae Blacker
260 _aNew York
_bRandom House
_c1953
300 _a63 p.
_c23 cm
526 _c860L-920L
541 _j1
562 _e1
650 _a Astronomy
_xJuvenile literature
_921988
942 _2lcc
_cBK-GS
_kGS
999 _c12248
_d12248